00662nam a2200241 a 4500001001300000003000900013005001700022008004100039020001000080082001500090100002000105245002100125260003400146300000900180500003500189505001000224650002100234700002000255902000800275942000700283952011500290999001500405nice12345678IN_TiNIC20260116012103.0050524s1959 lona grp 000 0 eng  ac10000a241.3bPET aPetit, Francois aProblem of Eveil aLondonbBurns and Oatesc1959 a142p aincludes index and biblioraphy2 aIndex aSin-Christianity1 aPetit, Francois bSRS cBK 001040708StackRoom-aHMIbHMId2009-12-09g100.00l0o241.3 PETp07268r2009-12-09v100.00w2005-05-24yBK c5585d5585